Time Units - Statistics

General Stats
  • This quiz has been taken 20 times
  • The average score is 10 of 11
Answer Stats
average #seconds Unit % Correct
86400 Day
100%
3600 Hour
100%
60 Minute
100%
1 Second
100%
604800 Week
94%
315569520 Decade
88%
2629746 Month
88%
31556952 Year
88%
3155695200 Century
82%
1209600 Fortnight
76%
31556952000 Millennium
76%
No matching quizzes found
Score Distribution
Percent of People with Each Score
Percentile by Number Answered
Your Score History
You have not taken this quiz